000 00221nam a22000857a 4500
008 161213b xxu||||| |||| 00| 0 eng d
100 _92043
_aDhillon.D.P.etal.
245 _aGeneral Foundation-XI
260 _aNew Delhi
_bAPC
_c2014
999 _c4917
_d4917